LEADER 00994nam a2200241 i 4500 001 000000162731 003 CaOOAMICUS 005 20070705000000.0 008 070705s1923 it u000 u ita u 013 $a140095 040 $aSeMil$bita 100 1 $aTonelli, Luigi <1890-1939>.$0(OLS)http://semarc/name/35478 245 10$aAlla ricerca della personalità :$bsaggi di critica militante /$cLuigi Tonelli. 260 $aMilano :$bModernissima,$c1923. 300 $a400 p. ;$c19 cm. 490 0 $aHumana : Biblioteca di Cultura 650 4$aLetteratura italiana - Sec. 19.-20.$0(OLS)http://semarc/subject/13603 830 0$aHumana.$0(OLS)http://semarc/title/31204 850 $aSeMil 852 $aSeMil$W1$xVenegono$y1$m1O II 396$j246621$B114062$CSeMilBibl$Z2$F124864 $81 961 $aRecupero: Altro 996 $6245$aAlla ricerca della personalità :$bsaggi di critica militante$9(OLS)http://semarc/title/232155 996 $6260$aMilano :$bModernissima$9(OLS)http://semarc/publisher/33541 LEADER 00998nam a2200181 i 4500 001 000000213024 003 CaOOAMICUS 005 20120509000000.0 008 120509s1689 it u000 u mul u 013 $a191874 040 $aSeMil$bita 245 10$aLatin-François. 300 $a[26], 473, [13] p., [4] carte di tav. :$bill. 500 $aFront. calcogr. sottoscritto : "B. Bouchet". Carte di tav. calcogr. raffiguranti imperatori romani e escluse dalla num. - Segn. : a12, A-V12, X2. 773 0 $aSvetonius, Gaius Tranquillus $tHistoire des empereurs romains, écrite en latin par Suetone & nouvellement traduite par Mr. du Teil, enrichie des notes latines sur les endroits les plus difficiles, tirées des Variorum. Avec leurs portraits en taille douce.$dA Lyon : Chez Antoine & Horace Molin, 1689.$g1$w()26716 850 $aSeMil 852 $aSeMil$W1$xVenegono$y1$m1Y I 109 FA$j163454$B163454$CSeMilBibl$Z2$F174550 $8I 996 $6245$aLatin-François$9(OLS)http://semarc/title/307309